000 00437nam a2200157Ia 4500
008 230711s9999||||xx |||||||||||||| ||und||
041 _aENG
082 _a624
_bEI-M
100 _aEisley,Joe G
245 0 _aMechanics of elastic structures : Classical and finite element methods
250 _a1st Ed.
260 _c1989
_aNew Delhi
_bPrentice-Hall of India Private Limited
300 _a448
650 _aCivil Engineering
942 _cBK
999 _c2442
_d2442